Anteproyecto de Código de familia (Registro nro. 8700)

Detalles MARC
000 -CABECERA
Longitud fija campo de control 00818nam a2200229 a 4500
001 - NÚMERO DE CONTROL
Número de control 1549803
003 - IDENTIFICADOR DELl NÚMERO DE CONTROL
Identificador del número de control OSt
005 - FECHA Y HORA DE LA ÚLTIMA TRANSACCIÓN
Fecha y hora de la última transacción 20140405093113.0
008 - CÓDIGOS DE INFORMACIÓN DE LONGITUD FIJA
Códigos de información de longitud fija 910523s1990 slv spa
040 ## - FUENTE DE LA CATALOGACIÓN
Centro catalogador de origen DLC
Centro transcriptor BMC
082 ## - NÚMERO DE LA CLASIFICACIÓN DECIMAL DEWEY
Númeroo de clasificación 346.0157284
110 2# - PUNTO DE ACCESO PRINCIPAL-NOMBRE DE ENTIDAD CORPORATIVA
Nombre de entidad corporativa o nombre de jurisdicción como elemento inicial Comisión Revisora de la Legislación Salvadoreña
9 (RLIN) 15901
245 10 - MENCIÓN DE TÍTULO
Título Anteproyecto de Código de familia
Mención de responsabilidad, etc. Comisión Revisora de la Legislación Salvadoreña
260 ## - PUBLICACIÓN, DISTRIBUCIÓN, ETC. (PIE DE IMPRENTA)
Lugar de publicación, distribución, etc. San Salvador
Nombre del editor, distribuidor, etc. La Comisión
Fecha de publicación, distribución, etc. 1990
300 ## - DESCRIPCIÓN FÍSICA
Extensión VI, 578 p.
Dimensiones 25 cm
500 ## - NOTA GENERAL
Nota general En la port.: Impresión Cortesía de la Corte Suprema de Justicia
501 ## - NOTA DE "CON"
Nota de &quotCon&quot Ademas incluye: Documento base, Exposición de motivos
504 ## - NOTA DE BIBLIOGRAFÍA, ETC
Nota de bibliografía, etc. Bibliografía: p. 567-578
610 14 - PUNTO DE ACCESO ADICIONAL DE MATERIA - NOMBRE DE ENTIDAD CORPORATIVA
9 (RLIN) 16423
Nombre de entidad corporativa o nombre de jurisdicción como elemento inicial El Salvador
Título de la obra Código de familia, 1993
650 24 - PUNTO DE ACCESO ADICIONAL DE MATERIA - TÉRMINO DE MATERIA
Término de materia o nombre geográfico como elemento inicial Derecho de familia
Subdivisión geográfica El Salvador
9 (RLIN) 6814
942 ## - ENTRADA DE ELEMENTOS AGREGADOS (KOHA)
Fuente de clasificaión o esquema Dewey Decimal Classification
Koha [por defecto] tipo de item 1- Monografias
Existencias
Suprimido Perdido Fuente de clasificación o esquema Estropeado Restricciones de uso No para préstamo Código de colección Localización permanente Localización actual Localización en estanter&íacute;as Fecha adquisición Fuente de adquisición Número de inventario Préstamos totales Signatura completa Código de barras Fecha última consulta Fecha último préstamo Coste, precio reemplazado Fecha del precio de reemplazo Tipo de item de Koha
NULL NULL Dewey Decimal Classification NULL Prestable NULL NULL Biblioteca Miguel de Cervantes - UNICAES Biblioteca Miguel de Cervantes - UNICAES Sala Principal 07/11/2012 Donación - UNICO 014051 1 346.015 COM ant 1014051 11/04/2018 09/04/2018 24.00 01/04/2014 1- Monografias
NULL NULL Dewey Decimal Classification NULL Prestable NULL NULL Biblioteca Miguel de Cervantes - UNICAES Biblioteca Miguel de Cervantes - UNICAES Sala Principal 23/12/2009 Donación - UNICO 014052   346.015 COM ant 1014052 01/04/2014   24.00 01/04/2014 1- Monografias
NULL NULL Dewey Decimal Classification NULL Prestable NULL NULL Biblioteca Miguel de Cervantes - UNICAES Biblioteca Miguel de Cervantes - UNICAES Sala Principal 22/05/2003 Donación - UNICO 014053   346.015 COM ant 1014053 01/04/2014   24.00 01/04/2014 1- Monografias